Historical atlas

Uloženo v:
Podrobná bibliografie
Hlavní autor: William R Shepherd
Médium: Kniha
Jazyk:Undetermined
Vydáno: New York Barnes and Noble 1964
Témata:
Tagy: Přidat tag
Žádné tagy, Buďte první, kdo otaguje tento záznam!
Thư viện lưu trữ: Trung tâm Học liệu Trường Đại học Cần Thơ
LEADER 00476nam a2200181Ia 4500
001 CTU_26762
008 210402s9999 xx 000 0 und d
082 |a 911 
082 |b S548 
100 |a William R Shepherd 
245 0 |a Historical atlas 
245 0 |c William R Shepherd 
260 |a New York 
260 |b Barnes and Noble 
260 |c 1964 
650 |a atlases,world geography 
904 |i Minh, 981020 
980 |a Trung tâm Học liệu Trường Đại học Cần Thơ